|
|
|
|
| LEADER |
00852nab a2200193 i 4500 |
| 001 |
misc73440 |
| 005 |
20241018144332.0 |
| 008 |
240308s1952 hu o 000 eng d |
| 040 |
|
|
|a SZTE Miscellanea Repozitórium
|b hun
|
| 041 |
|
|
|a eng
|
| 100 |
2 |
|
|a Szent-Györgyi Andrew G.
|
| 245 |
1 |
0 |
|a Isolation and characterisation of the fractions of trypsin digested myosin
|h [elektronikus dokumentum] :
|b [introduced by Albert Szent-Györgyi] /
|c Szent-Györgyi Andrew G.
|
| 260 |
|
|
|a Federation of American Societies for Experimental Biology : FASEB
|b Washington, D.C.
|c 1952-03
|
| 300 |
|
|
|a 296-297
|
| 490 |
0 |
|
|a Federation Proceedings
|v 11 No. 1/1
|
| 561 |
|
|
|a Szent-Györgyi Albert tudományos és egyéb írásai
|
| 695 |
|
|
|a Izom - miozin
|
| 700 |
0 |
2 |
|a Szent-Györgyi Albert
|
| 856 |
4 |
0 |
|u http://misc.bibl.u-szeged.hu/73440/1/szgya_amerikai_049.pdf
|z Dokumentum-elérés
|